| 000 | 01140nam a2200337 a 4500 | ||
|---|---|---|---|
| 001 | 000020991 | ||
| 003 | DO-SdBNP | ||
| 005 | 20171010124712.0 | ||
| 007 | 000020991 | ||
| 008 | 100825s1994 dr c 000 0bspa d | ||
| 040 |
_aBPMSU _bspa _cBPMSU |
||
| 082 |
_a923.57293 _bL965T, 1994 |
||
| 092 | _a. | ||
| 100 | 1 |
_aTolentino Dipp, Hugo, _d1930- |
|
| 245 | 1 | 0 |
_aPerfil nacionalista de Gregorio Luperón / _cHugo Tolentino. |
| 250 | _a2a ed. | ||
| 260 |
_aSanto Domingo : _bTobogán _c1994 |
||
| 300 |
_a127 p. : _bretrs. ; _c19 cm. |
||
| 490 | _aBiblioteca juvenil Tobogán | ||
| 504 | _aBibliografía: p. 105-107. | ||
| 586 | _aPrimer Premio en el Concurso de Historia del Centenario de la Restauración. | ||
| 600 | 1 | 4 |
_aLUPERÓN, GREGORIO, _d1839-1897 |
| 830 | _pBiblioteca juvenil Tobogán | ||
| 910 | _aValidado. Control de calidad BNPHU. | ||
| 930 | 1 |
_lBND01 _mLF1 _h923.57293 _820100825 _f01 _pHD _g13414 |
|
| 942 |
_2ddc _cBK |
||
| 945 | _aTitulo remanejado para la BNPHU | ||
| 956 |
_aBTAVAREZ _b10 _c20100826 _lBND01 _h0915 |
||
| 956 |
_aMMOLINA _b10 _c20120125 _lBND01 _h1059 |
||
| 956 |
_aVMATEO _b10 _c20150423 _lBND01 _h00151 |
||
| 999 |
_c7687 _d7687 |
||